000 01149nam a2200325 c 4500
999 _c2298
_d2298
003 BLK
005 20220225172927.0
008 180412b bul|||||r ||||||| ||bul||
010 _aKNG00003266000
020 _a978-954-337-167-9
040 _aBLK
041 _aBUL
_cBUL
072 7 _2bullib
_aН8400
_xБългарска поезия Н
080 _aБългарска литература
_b821.163.2
_x-1
_z821.163.2-1
100 1 _aПетров, Неделчо Колев
_eпърви автор
_9245568
139 _aПетров, Неделчо Колев
_bП 47
245 1 0 _aСлънчев благослов
_bСтихотворения
_cНеделчо Колев Петров.
257 _aBGR
260 _bАвангард принт
_c2012
300 _a80 с.
_c20 см
380 _aX
500 _aБележки за автора.
653 _aстихотворения
659 _aН
852 _aЦб 258427
852 _aК 821.163.2/П 47 Н
856 4 _qpdf
_u
856 4 _qpdf
_u
942 _cKNG
_n0
_s1
944 _aCR
_c20.02.2013
_lф /
_kЛюдмила_Стоянова
944 _aED
_c21.06.2013
_lф /
999 _d2298